000
00342 a2200169 4500
001
56925
020
_a
853251250X
040
_c
Anchieta - Pituba
100
_a
Applegate, K. A.
240
1
0
_a
A mensagem
_l
por
245
1
0
_a
A mensagem
300
_a
146
362
0
_a
201
440
1
_a
Rocco
650
4
_a
Literatura juvenil
942
_c
BK
999
_c
56925
_d
56925